Facets of vigilance: prevention to prosecution (Record no. 399160)

000 -LEADER
fixed length control field 00501cam a22001697a 4500
008 - FIXED-LENGTH DATA ELEMENTS--GENERAL INFORMATION
fixed length control field 180718b2001 xxu||||| |||| 00| 0 eng d
020 ## - INTERNATIONAL STANDARD BOOK NUMBER
International Standard Book Number n.a.
082 ## - DEWEY DECIMAL CLASSIFICATION NUMBER
Classification number K782 M294
100 ## - MAIN ENTRY--PERSONAL NAME
Personal name Malhotra, K.L.
245 ## - TITLE STATEMENT
Title Facets of vigilance: prevention to prosecution
Statement of responsibility, etc. by K.L. Malhotra
260 ## - PUBLICATION, DISTRIBUTION, ETC.
Place of publication, distribution, etc. Delhi
Name of publisher, distributor, etc. Bahri
Date of publication, distribution, etc. 2001
300 ## - PHYSICAL DESCRIPTION
Extent 684p.
650 ## - SUBJECT ADDED ENTRY--TOPICAL TERM
Topical term or geographic name entry element Corruption - India
650 ## - SUBJECT ADDED ENTRY--TOPICAL TERM
Topical term or geographic name entry element Central Bureau of Investigation - India
650 ## - SUBJECT ADDED ENTRY--TOPICAL TERM
Topical term or geographic name entry element Central Vigilance Commission - India
650 ## - SUBJECT ADDED ENTRY--TOPICAL TERM
Topical term or geographic name entry element Vigilance India
Holdings
Withdrawn status Lost status Damaged status Not for loan Permanent Location Current Location Date acquired Full call number Barcode Date last seen Price effective from Koha item type
        Indian Institute of Public Administration Indian Institute of Public Administration 2002-02-19 K782 M294 77173 2018-07-21 2018-07-21 Book

Powered by Koha